00226pam a2200097 a 4500020000500000041000500005100003100010245003700041260004200078300000800120 c h aBanwari Lal M.R.V.P.Reddy  aWeath from waste second Edition  bTeri Energy And research Delhi c2005 a175